Missing Word: 'Q' 'X' 'Y' 'Z' Authors Quiz Stats

 Plays Quiz Updated Aug 5, 2017

Support Sporcle.
Go Orange.
Score 0/14 Timer 03:00
0 Plays Today
Author Answer % Correct
Malcolm _____X
82.2%
William Butler _____Yeats
80.1%
Émile _____Zola
70.4%
Ellery _____Queen
63.7%
_____ GreyZane
56.6%
_____ Neale HurstonZora
50.9%
Richard _____Yates
28.4%
Author Answer % Correct
Marguerite _____Young
20.8%
Daniel _____Quinn
18%
Markus _____Zusak
16.6%
Anna _____Quindlen
11.5%
Matthew _____Quick
10.1%
_____ ZamyatinYevgeny
8.3%
Cao _____Xueqin
5.5%

Today's Daily Dose

You're not logged in!

Compare scores with friends on all Sporcle quizzes.
OR
Log In
Forgot?

From the Vault

Musician by Necklace

by KStericker

2 Chainz has an automatic advantage going into this quiz.
Remove Ads.
Support Sporcle.
Get the best of Sporcle when you Go Orange. This ad-free experience offers more features, more stats, and more fun while also helping to support Sporcle. Thank you for becoming a member.

Show Comments

Extras

Top Quizzes Today


Score Distribution

Your Account Isn't Verified!

In order to create a playlist on Sporcle, you need to verify the email address you used during registration. Go to your Sporcle Settings to finish the process.

Report this User

Report this user for behavior that violates our Community Guidelines.

Details: